| 000 | 00576nam a2200193 i 4500 | ||
|---|---|---|---|
| 001 | 88131 | ||
| 003 | ES-MaACL | ||
| 005 | 20230906175816.0 | ||
| 007 | t| | ||
| 008 | 050103s1925 fr ||||1| fre d | ||
| 100 | 1 |
_aLagneau, Jules. _969576 |
|
| 245 | 1 | 0 |
_aDe l'existence de Dieu / _cJules Lagneau. |
| 260 |
_aParis : _bPresses Universitaires de France, _c1925. |
||
| 300 |
_a156 p. ; _c19 cm. |
||
| 490 | 1 | _aBibliothèque de philosophie contemporaine | |
| 830 | 0 |
_aBibliothèque de philosophie contemporaine _9181027 |
|
| 852 |
_aES-MaACL _jF-11860 |
||
| 999 |
_c88131 _d88131 |
||